El Ecuador en Chicago. Por el diario de avisos de Guayaquil, Ecuador. América del Sur

Enregistré dans:
Détails bibliographiques
Collectivité auteur: Diario de Avisos (Auteur)
Format: Livre
Langue:espagnol
Publié: Nueva York A. E. Chasmar y Cía 1894
Édition:1a. ed
Sujets:
Tags: Ajouter un tag
Pas de tags, Soyez le premier à ajouter un tag!

MARC

LEADER 00000nam a2200000 a 4500
001 UCJ6120
003 CL-VaPUC
008 070124e18940000US |||||||||||||||||spa|d
082 0 4 |a 910.4  |b DIA  |2 21 
110 2 |a Diario de Avisos  |e author  |9 512400 
245 1 3 |a El Ecuador en Chicago. Por el diario de avisos de Guayaquil, Ecuador. América del Sur 
250 |a 1a. ed 
300 |a xiv, 432 p 
942 |c BK 
945 |d 20070124 00:00:00  |a rinostro 
260 |a Nueva York  |b A. E. Chasmar y Cía  |c 1894 
500 |a Escudo del Ecuador. Profusamente ilustrado 
600 0 |a Alfaro, Eloy  |9 507296 
600 0 7 |a CORDERO, LUIS  |2 CL-VaPUC  |9 512401 
650 7 |a EXPOSICION INTERNACIONAL DE CHICAGO  |2 CL-VaPUC  |9 512402 
650 0 |a Geografía  |9 259346 
650 0 |a Historia  |9 255047 
650 0 |a Gobierno   |9 255508 
650 0 |a Obras públicas  |9 261125 
650 0 |a Educación  |9 258661 
650 0 |a Recursos naturales  |9 255232 
650 7 |a INDUSTRIA  |2 CL-VaPUC  |9 315110 
650 0 |a Comercio  |9 255341 
650 0 |a Estadísticas  |9 258644 
650 7 |a CALLES Y PASEOS  |2 CL-VaPUC  |9 329702 
650 0 |a Iglesia Católica  |9 256114 
650 7 |a CUARTO CENTENARIO  |2 CL-VaPUC  |9 512403 
650 0 |a Ilustraciones  |9 369481 
650 0 |a Iconografía   |9 267998 
650 7 |a PRESIDENTES DEL ECUADOR  |2 CL-VaPUC  |9 512404 
651 7 |a CHICAGO  |2 CL-VaPUC  |9 357953 
583 |a last modification  |c 20070124 00:00:00  |k Rodrigo Vera 
999 |c 322228  |d 322226 
952 |0 0  |1 0  |4 0  |6 910_400000000000000_DIA_1894  |7 0  |8 X  |9 401169  |a FDOBUD  |b FDOBUD  |d 2019-11-22  |i 1043994  |o 910.4 DIA 1894  |p 1043994  |r 2019-11-22  |w 2019-11-22  |y BK_X  |k BUD